| Tag |
First Indicator |
Second Indicator |
Subfields |
| LEADER |
00000cam a2200000Ki 4500 |
| 001 |
in00002708721 |
| 005 |
20151202142608.0 |
| 008 |
970701s1942 fr a 000 p fre d |
| 029 |
1 |
|
|a HEBIS
|b 115154353
|
| 035 |
|
|
|a (OCoLC)ocm37224773
|
| 035 |
|
|
|a (OCoLC)37224773
|
| 040 |
|
|
|a UBA
|c UBA
|d OCLCQ
|d OCLCG
|d TXA
|d UtOrBLW
|
| 049 |
|
|
|a TXAM
|
| 090 |
|
|
|a PQ2392.S9
|b C42 1942
|
| 100 |
1 |
|
|a Samain, Albert,
|d 1858-1900.
|
| 245 |
1 |
0 |
|a Chariot D'Or /
|c Albert Samain.
|
| 264 |
|
1 |
|a Paris :
|b Rombaldi,
|c 1942.
|
| 300 |
|
|
|a 236 pages :
|b illustrations ;
|c 21 cm.
|
| 336 |
|
|
|a text
|b txt
|2 rdacontent
|
| 337 |
|
|
|a unmediated
|b n
|2 rdamedia
|
| 338 |
|
|
|a volume
|b nc
|2 rdacarrier
|
| 500 |
|
|
|a The Cushing Library/Dawson French copy is exemplaire number 4782.
|
| 650 |
|
7 |
|a Poesia Francesa.
|2 larpcal
|
| 948 |
|
|
|a cataloged
|b h
|c 2011/9/5
|d c
|e hgolay
|f 4:31:13 pm
|
| 994 |
|
|
|a C0
|b TXA
|
| 999 |
|
|
|a MARS
|
| 999 |
f |
f |
|s 906ba35d-1b0a-3b28-9813-ae7e14ace952
|i 5a1b39d8-fabb-34d9-a00a-a2b0c278f874
|t 0
|
| 952 |
f |
f |
|p noncirc
|a Texas A&M University
|b College Station
|c Cushing Memorial Library & Archives
|d Cushing: Dawson French (Does not check out)
|t 0
|e PQ2392.S9 C42 1942
|h Library of Congress classification
|i unmediated -- volume
|
| 998 |
f |
f |
|a PQ2392.S9 C42 1942
|t 0
|l Cushing: Dawson French (Does not check out)
|